000 01030nam a2200301 i 4500
001 bg
003 BPK
005 20191004123534.0
008 010125s2000 pl a f |001 0 pol
015 _aPB 2001/1534
020 _a8301133228
040 _aWA N
_cBPK
041 1 _apol
_heng
080 _a517
080 _a(075.8)
100 1 _aWojtaszczyk, Przemysław.
245 1 0 _aTeoria falek /
_cPrzemysław Wojtaszczyk ; [przekł. z jęz. ang. Przemysław Wojtaszczyk].
246 1 _iTyt. oryg.:
_aMathematical introduction to wavelets.
260 _aWarszawa :
_bWydaw. Naukowe PWN,
_c2000.
300 _a249, [2] s. :
_bil. ;
_c24 cm.
500 _aTyt. oryg.: "A mathematical introduction to wavelets" 1997.
504 _aBibliogr. - Indeks.
655 4 _aPodręczniki akademickie
650 4 _aAnaliza falkowa
710 2 _aWydawnictwo Naukowe PWN
_4pbl.
856 _uhttp://koha.tu.koszalin.pl/cgi-bin/koha/opac-detail.pl?biblionumber=39507
_yKatalog online BPK
942 _2UKD
_cKS
999 _c39507
_d39507